000 00626nam a22001817a 4500
999 _c15993
_d15993
008 210204b ||||| |||| 00| 0 eng d
020 _a978-1-84837-317-4
082 _22016
_aDC 823.8
_bD554
100 _aDickens, Charles
_917873
245 _aA tale of two cities /
_cCharles Dickens
260 _aLondon :
_bArcturus Holdings, Limited,
_c©2016.
300 _a364 pages :
_billustrations ;
_c21 cm.
650 _aFrench -- England -- London -- Fiction
_942890
650 _aExecutions and executioners -- Fiction.
_942891
650 _aFathers and daughters -- Fiction.
_942892
365 _b160.00
_cPhp
942 _2ddc
_cDC